| 000 | 00570nam a2200193 a 4500 | ||
|---|---|---|---|
| 003 | PILC | ||
| 005 | 20150112093442.0 | ||
| 008 | 100713s19uu xx 00 eng d | ||
| 020 | _a013595361 | ||
| 050 |
_aJF 51 _b.M6 1990 |
||
| 082 |
_aPSSF 320.3094 _bM72 1990 |
||
| 100 |
_aMacridis, Roy C. _911491 |
||
| 245 |
_aModern political systems : _bEurope / |
||
| 250 | _a7th ed. ed. | ||
| 260 |
_aNew Jersey : _bPrentice Hall, Inc, _c1990. |
||
| 300 |
_a429 pages : _c24 cm. |
||
| 650 |
_aComparative government _xEurope- Politics and government _920381 |
||
| 942 |
_2lcc _cBK |
||
| 999 |
_c14796 _d14796 |
||